| 000 | 01510nam a22002417a 4500 | ||
|---|---|---|---|
| 003 | DO-SdBNP | ||
| 005 | 20240228140800.0 | ||
| 007 | ta | ||
| 008 | 210716b 2018 dr 00| 0 eng d | ||
| 020 | _a9789945609578 | ||
| 040 |
_aDO-SdBNP _bspa _cBNPHU |
||
| 082 | 4 | _aBNPHU | |
| 100 | 1 |
_a Segarra Báez, Iván, _d1967- _979697 |
|
| 245 | 1 | 0 |
_aMarinero del viento y la ceniza / _cIván Segarra Báez ; prólogo Jaime Marcano Montañez. |
| 260 |
_a Santo Domingo : _bSantuario, _c2018. |
||
| 300 |
_a61 p. ; _c22 cm. |
||
| 500 | _aIncluye datos biográficos del autor en las solapas | ||
| 505 | 0 | _aDe lirios los delirios: la poesía mística de Iván Segarra Báez / Jaime Marcano Montañez, 9.-- Primera parte. Encuentro del viento y la ceniza, 17.-- Él es mi ángel, 19.-- La oscuridad, 20.-- El cielo está cubierto de palabras, 21.-- El tiempo, 23.-- Marinero del viento y la ceniza, 25.-- La huella de tu nombre, 29.-- El ave voló, 32.-- Segunda parte. La luz brilla en occidente, 39.-- Traspasó la luz todos los sonidos, 41.-- Marinero del viento, ¿a dónde has ido?, 43.-- De tu alma a mi alma, 44.-- La estrella, 46.-- Dios está en cada hombre, 48.-- Dios no se anuncia, 50.-- La gracia de Amado está conmigo, 51.-- Dios no deja huellas, 53.-- Camino con Dios, nada me falta, 55.-- ¡Qué más quiere Dios de este cuerpo!, 57.-- El cielo de la vida, 59. | |
| 590 | _aInventariado, 2021 /LP | ||
| 700 | 1 |
_aMarcano Montañez, Jaime, _epról. _979263 |
|
| 910 | _aLPérez | ||
| 942 |
_2ddc _cLBS1 |
||
| 999 |
_c50126 _d50126 |
||